<?xml version="1.0" encoding="UTF-8"?>
<record
    xmlns:xsi="http://www.w3.org/2001/XMLSchema-instance"
    xsi:schemaLocation="http://www.loc.gov/MARC21/slim http://www.loc.gov/standards/marcxml/schema/MARC21slim.xsd"
    xmlns="http://www.loc.gov/MARC21/slim">

  <leader>00374nam a22001457a 4500</leader>
  <controlfield tag="003">OSt</controlfield>
  <controlfield tag="008">200124b           ||||| |||| 00| 0 eng d</controlfield>
  <datafield tag="020" ind1=" " ind2=" ">
    <subfield code="a">9789388137812</subfield>
  </datafield>
  <datafield tag="082" ind1=" " ind2=" ">
    <subfield code="a">004</subfield>
    <subfield code="b">MAG</subfield>
  </datafield>
  <datafield tag="100" ind1=" " ind2=" ">
    <subfield code="a">MADE EASY</subfield>
  </datafield>
  <datafield tag="245" ind1=" " ind2=" ">
    <subfield code="a">GATE 2020: Computer Science and IT Engineering (Previous Solved Papers)</subfield>
  </datafield>
  <datafield tag="250" ind1=" " ind2=" ">
    <subfield code="a">13th</subfield>
  </datafield>
  <datafield tag="260" ind1=" " ind2=" ">
    <subfield code="a">New Delhi</subfield>
    <subfield code="b">Made Easy</subfield>
  </datafield>
  <datafield tag="942" ind1="0" ind2="0">
    <subfield code="2">ddc</subfield>
    <subfield code="c">REF</subfield>
  </datafield>
  <datafield tag="999" ind1=" " ind2=" ">
    <subfield code="c">8423</subfield>
    <subfield code="d">8423</subfield>
  </datafield>
  <datafield tag="952" ind1=" " ind2=" ">
    <subfield code="0">0</subfield>
    <subfield code="1">0</subfield>
    <subfield code="2">ddc</subfield>
    <subfield code="4">0</subfield>
    <subfield code="7">0</subfield>
    <subfield code="8">BTECHCSE</subfield>
    <subfield code="a">PIET</subfield>
    <subfield code="b">PIET</subfield>
    <subfield code="d">2020-01-24</subfield>
    <subfield code="e">Kirti Prakashan</subfield>
    <subfield code="f">IN Rupees</subfield>
    <subfield code="g">850.00</subfield>
    <subfield code="k">IN 5959</subfield>
    <subfield code="l">5</subfield>
    <subfield code="o">004 MAG</subfield>
    <subfield code="p">31592</subfield>
    <subfield code="r">2025-05-20 00:00:00</subfield>
    <subfield code="s">2025-03-13</subfield>
    <subfield code="t">1</subfield>
    <subfield code="v">595.00</subfield>
    <subfield code="w">2020-01-03</subfield>
    <subfield code="y">BK</subfield>
  </datafield>
  <datafield tag="952" ind1=" " ind2=" ">
    <subfield code="0">0</subfield>
    <subfield code="1">0</subfield>
    <subfield code="2">ddc</subfield>
    <subfield code="4">0</subfield>
    <subfield code="7">0</subfield>
    <subfield code="8">BTECHCSE</subfield>
    <subfield code="a">PIET</subfield>
    <subfield code="b">PIET</subfield>
    <subfield code="d">2020-01-24</subfield>
    <subfield code="e">Kirti Prakashan</subfield>
    <subfield code="f">IN Rupees</subfield>
    <subfield code="g">850.00</subfield>
    <subfield code="k">IN 5959</subfield>
    <subfield code="l">1</subfield>
    <subfield code="o">004 MAG</subfield>
    <subfield code="p">31593</subfield>
    <subfield code="r">2023-10-17 00:00:00</subfield>
    <subfield code="s">2020-01-24</subfield>
    <subfield code="t">2</subfield>
    <subfield code="v">595.00</subfield>
    <subfield code="w">2020-01-03</subfield>
    <subfield code="y">BK</subfield>
  </datafield>
  <datafield tag="952" ind1=" " ind2=" ">
    <subfield code="0">0</subfield>
    <subfield code="1">0</subfield>
    <subfield code="2">ddc</subfield>
    <subfield code="4">0</subfield>
    <subfield code="7">0</subfield>
    <subfield code="8">GENERAL</subfield>
    <subfield code="a">PIET</subfield>
    <subfield code="b">PIET</subfield>
    <subfield code="d">2020-01-24</subfield>
    <subfield code="e">Kirti Prakashan</subfield>
    <subfield code="f">IN Rupees</subfield>
    <subfield code="g">850.00</subfield>
    <subfield code="k">IN 5959</subfield>
    <subfield code="l">0</subfield>
    <subfield code="o">004 MAG</subfield>
    <subfield code="p">31594</subfield>
    <subfield code="r">2020-01-24 00:00:00</subfield>
    <subfield code="t">3</subfield>
    <subfield code="v">595.00</subfield>
    <subfield code="w">2020-01-03</subfield>
    <subfield code="y">REF</subfield>
    <subfield code="z">Competition</subfield>
  </datafield>
  <datafield tag="952" ind1=" " ind2=" ">
    <subfield code="0">0</subfield>
    <subfield code="1">0</subfield>
    <subfield code="2">ddc</subfield>
    <subfield code="4">0</subfield>
    <subfield code="7">0</subfield>
    <subfield code="8">GENERAL</subfield>
    <subfield code="a">PIET</subfield>
    <subfield code="b">PIET</subfield>
    <subfield code="d">2020-01-24</subfield>
    <subfield code="e">Kirti Prakashan</subfield>
    <subfield code="f">IN Rupees</subfield>
    <subfield code="g">850.00</subfield>
    <subfield code="k">IN 5959</subfield>
    <subfield code="l">8</subfield>
    <subfield code="o">004 MAG</subfield>
    <subfield code="p">31595</subfield>
    <subfield code="r">2024-09-25 00:00:00</subfield>
    <subfield code="s">2022-10-03</subfield>
    <subfield code="t">4</subfield>
    <subfield code="v">595.00</subfield>
    <subfield code="w">2020-01-03</subfield>
    <subfield code="y">BK</subfield>
    <subfield code="z">Competition</subfield>
  </datafield>
</record>
